<?xml version="1.0" encoding="UTF-8"?>
<record
    xmlns:xsi="http://www.w3.org/2001/XMLSchema-instance"
    xsi:schemaLocation="http://www.loc.gov/MARC21/slim http://www.loc.gov/standards/marcxml/schema/MARC21slim.xsd"
    xmlns="http://www.loc.gov/MARC21/slim">

  <leader>00942nam a2200229 a 4500</leader>
  <controlfield tag="001">BRCA_1340</controlfield>
  <controlfield tag="005">20190320203401.0</controlfield>
  <controlfield tag="008">950309s1994    mx-a---##b---f000-0#spa-#</controlfield>
  <datafield tag="040" ind1=" " ind2=" ">
    <subfield code="a">DLC</subfield>
    <subfield code="c">DLC</subfield>
    <subfield code="d">DLC</subfield>
  </datafield>
  <datafield tag="050" ind1=" " ind2="4">
    <subfield code="a">ND1460</subfield>
    <subfield code="b">.P56 1994</subfield>
  </datafield>
  <datafield tag="245" ind1="1" ind2="0">
    <subfield code="a">Pinturer&#xED;as</subfield>
    <subfield code="b">el arte del arte taurino.</subfield>
  </datafield>
  <datafield tag="260" ind1=" " ind2=" ">
    <subfield code="a">[M&#xE9;xico]</subfield>
    <subfield code="b">Fundaci&#xF3;n Cultural Artenci&#xF3;n</subfield>
    <subfield code="c">[1994]</subfield>
  </datafield>
  <datafield tag="300" ind1=" " ind2=" ">
    <subfield code="a">159 p.</subfield>
    <subfield code="b">il. (algunas a color)</subfield>
    <subfield code="c">30 cm.</subfield>
  </datafield>
  <datafield tag="500" ind1=" " ind2=" ">
    <subfield code="a">Cat&#xE1;logo de la exposici&#xF3;n realizada en el Museo del Palacio de Bellas Artes, Sala Diego Rivera (Ciudad de M&#xE9;xico), noviembre 1994 - enero 1995</subfield>
  </datafield>
  <datafield tag="504" ind1=" " ind2=" ">
    <subfield code="a">Bibliograf&#xED;a: p. 159</subfield>
  </datafield>
  <datafield tag="610" ind1="2" ind2="4">
    <subfield code="a">Fundaci&#xF3;n Cultural Artenci&#xF3;n</subfield>
    <subfield code="9">4385</subfield>
  </datafield>
  <datafield tag="650" ind1="1" ind2="4">
    <subfield code="a">Corridas de toro en arte</subfield>
    <subfield code="v">Exposiciones</subfield>
    <subfield code="9">4386</subfield>
  </datafield>
  <datafield tag="650" ind1="1" ind2="4">
    <subfield code="a">Pintura mexicana</subfield>
    <subfield code="v">Exposiciones</subfield>
    <subfield code="y">Siglo XX</subfield>
    <subfield code="9">4387</subfield>
  </datafield>
  <datafield tag="650" ind1="1" ind2="4">
    <subfield code="a">Carteles mexicanos</subfield>
    <subfield code="v">Exposiciones</subfield>
    <subfield code="y">Sigloa XIX a XX</subfield>
    <subfield code="9">4388</subfield>
  </datafield>
  <datafield tag="650" ind1="1" ind2="4">
    <subfield code="a">Corridas de toros</subfield>
    <subfield code="v">Exposiciones</subfield>
    <subfield code="x">Carteles</subfield>
    <subfield code="z">M&#xE9;xico</subfield>
    <subfield code="9">4389</subfield>
  </datafield>
  <datafield tag="942" ind1=" " ind2=" ">
    <subfield code="2">lcc</subfield>
    <subfield code="c">B</subfield>
  </datafield>
  <datafield tag="999" ind1=" " ind2=" ">
    <subfield code="c">1203</subfield>
    <subfield code="d">1203</subfield>
  </datafield>
  <datafield tag="952" ind1=" " ind2=" ">
    <subfield code="0">0</subfield>
    <subfield code="1">0</subfield>
    <subfield code="4">0</subfield>
    <subfield code="7">0</subfield>
    <subfield code="a">BRCA</subfield>
    <subfield code="b">BRCA</subfield>
    <subfield code="d">2008-06-26</subfield>
    <subfield code="l">0</subfield>
    <subfield code="o">ND1460 .P56 1994</subfield>
    <subfield code="p">01862</subfield>
    <subfield code="r">2019-03-22 00:00:00</subfield>
    <subfield code="w">2019-03-22</subfield>
    <subfield code="y">B</subfield>
  </datafield>
</record>
